BART Orange Line Stations - Statistics

General Stats
  • This quiz has been taken 7 times
  • The average score is 17 of 21
Answer Stats
Answer % Correct
Berryessa/North San Jose
100%
Fremont
100%
Hayward
100%
Richmond
100%
San Leandro
100%
Ashby
80%
Downtown Berkeley
80%
El Cerrito Del Norte
80%
El Cerrito Plaza
80%
Lake Merritt
80%
MacArthur
80%
Milpitas
80%
North Berkeley
80%
South Hayward
80%
Warm Springs/South Fremont
80%
12th St Oakland/City Center
60%
19th St Oakland
60%
Bay Fair
60%
Coliseum
60%
Fruitvale
60%
Union City
60%
No matching quizzes found
Score Distribution
Percent of People with Each Score
Percentile by Number Answered
Your Score History
You have not taken this quiz